Language Quiz

Random Language or Blitz Quiz

Words Within Words 'CL' Blitz Quiz Stats

 Plays Quiz Updated Jan 24, 2019

Support Sporcle.
Go Orange.
Score 0/25 Timer 01:00
0 Plays Today
% Correct
ick
81.4%
ash
81.1%
amp
80.7%
ear
80.2%
ump
80.1%
utter
80%
ass
80%
asp
79.5%
oak
79.5%
over
79.1%
aim
78.1%
an
78.1%
ink
77.2%
% Correct
ever
77%
ad
76.4%
awed
76.3%
one
75.1%
out
74.3%
aps
73.4%
owns
72.8%
inch
72.6%
eat
65.6%
amber
53.8%
oven
52.4%
early
46.7%

From the Vault

Superheroes by Three Items

by humanfly26

Can we weld some vibranium together with some kryptonite? What would we get?
Remove Ads.
Support Sporcle.
Get the best of Sporcle when you Go Orange. This ad-free experience offers more features, more stats, and more fun while also helping to support Sporcle. Thank you for becoming a member.

Show Comments

Extras

Top Quizzes Today


Score Distribution

Your Account Isn't Verified!

In order to create a playlist on Sporcle, you need to verify the email address you used during registration. Go to your Sporcle Settings to finish the process.

Report this User

Report this user for behavior that violates our Community Guidelines.

Details: